| 000 | 00574nam a22002297a 4500 | ||
|---|---|---|---|
| 003 | IT-MiCISF | ||
| 005 | 20241021144039.0 | ||
| 008 | 180910b ||||| |||| 00| 0 eng d | ||
| 040 | _cIT-MiCISF | ||
| 041 | _ait | ||
| 100 |
_aLazzarini Alice _957376 |
||
| 222 | _a17210143 | ||
| 245 | _aTraumi familiari e blocco generativo | ||
| 250 | _a"Interazioni", n. 1 | ||
| 260 | _c2016 | ||
| 300 | _app. 89-105 | ||
| 310 | _asemestrale | ||
| 500 | _aterapia, violenza-in-famiglia, case-studies | ||
| 650 |
_aterapia _956160 |
||
| 654 | _aarticolo | ||
| 942 |
_2ddc _cCR |
||
| 999 |
_c358002 _d358002 |
||